La población del Valle de Teotihuacán (Record no. 9250)
[ view plain ]
| 000 -CABECERA | |
|---|---|
| campo de control de longitud fija | 01387nam a2200265 a 4500 |
| 001 - NÚMERO DE CONTROL | |
| campo de control | BRL_438 |
| 005 - FECHA Y HORA DE LA ÚLTIMA TRANSACCIÓN | |
| campo de control | 20190320210737.0 |
| 008 - DATOS DE LONGITUD FIJA--INFORMACIÓN GENERAL | |
| campo de control de longitud fija | 130813s1922----mx-abeg###---#000-0#spa-# |
| 041 ## - CÓDIGO DE LENGUA | |
| Código de lengua del texto/banda sonora o título independiente | spa |
| 044 ## - CÓDIGO DEL PAÍS DE LA ENTIDAD EDITORA/PRODUCTORA | |
| Código MARC del país | mx |
| 050 #4 - SIGNATURA TOPOGRÁFICA DE LA BIBLIOTECA DEL CONGRESO | |
| Número de clasificación | F1219.1.T27 |
| Número de documento/Ítem | .P63 1922 |
| 245 10 - MENCIÓN DE TÍTULO | |
| Título | La población del Valle de Teotihuacán |
| Resto del título | Representativa de las que habitan las regiones rurales del Distrito Federal y de los Estados de Hidalgo, Puebla, Mexico y Tlaxtcala. |
| 260 ## - PUBLICACIÓN, DISTRIBUCIÓN, ETC. | |
| Lugar de publicación, distribución, etc. | México |
| Nombre del editor, distribuidor, etc. | Secretaría de Agricultura y Fomento, Dirección de Antropología |
| Fecha de publicación, distribución, etc. | 1922 |
| 300 ## - DESCRIPCIÓN FÍSICA | |
| Extensión | v. |
| Otras características físicas | il. (algunas a color), hojas plegables, mapas, diagramas, planos, tablas |
| Dimensiones | 29 cm. |
| 440 #0 - MENCIÓN DE SERIE/PUNTO DE ACCESO ADICIONAL--TÍTULO | |
| Título | Poblaciones regionales de la republica mexicana |
| 9 (RLIN) | 23913 |
| 500 ## - NOTA GENERAL | |
| Nota general | t.1 v.1 Au9 ; t.1 v.2 Au1265 ; t.2 Au1266 |
| 500 ## - NOTA GENERAL | |
| Nota general | Estado físico: t.1 v.2 tiene el lomo y las pastas desprendias y el t.2 despegado el lomo. |
| 500 ## - NOTA GENERAL | |
| Nota general | Estado físico: El t.1 v.1 fue encuadernado, octubre 2013 |
| 505 0# - NOTA DE CONTENIDO CON FORMATO | |
| Nota de contenido con formato | Contenido: t.1 v.1 La población prehispanica - t.1 v.2 La población Colonial - t.2 La población contemporanea. |
| 651 #4 - PUNTO DE ACCESO ADICIONAL DE MATERIA--NOMBRE GEOGRÁFICO | |
| Nombre geográfico | Teotihuacán, Sitio (San Juan Teotihuacán, México) |
| Subdivisión general | Vita social y costumbres |
| 9 (RLIN) | 23914 |
| 651 #4 - PUNTO DE ACCESO ADICIONAL DE MATERIA--NOMBRE GEOGRÁFICO | |
| Nombre geográfico | Teotihuacán, Sitio (San Juan Teotihuacán, México) |
| Subdivisión general | Civilizacion |
| 9 (RLIN) | 23915 |
| 651 #4 - PUNTO DE ACCESO ADICIONAL DE MATERIA--NOMBRE GEOGRÁFICO | |
| Nombre geográfico | Teotihuacán, Sitio (San Juan Teotihuacán, México) |
| Subdivisión general | Antigüedades |
| 9 (RLIN) | 23836 |
| 902 ## - CATALOGADOR | |
| Iniciales | GRL |
| 942 ## - ELEMENTOS DE PUNTO DE ACCESO ADICIONAL (KOHA) | |
| Fuente del sistema de clasificación o colocación | Library of Congress Classification |
| Tipo de ítem Koha | Libros |
| Estado de retiro | Estado de pérdida | Estado dañado | No para préstamo | Localización permanente | Ubicación/localización actual | Fecha de adquisición | Total de préstamos | Signatura topográfica completa | Código de barras | Fecha visto por última vez | Precio válido a partir de | Tipo de ítem Koha |
|---|---|---|---|---|---|---|---|---|---|---|---|---|
| El ejemplar forma parte de la colección y puede ser consultado según las políticas vigentes. | Biblioteca Centro de Estudios Ruth D. Lechuga | Biblioteca Centro de Estudios Ruth D. Lechuga | 19/10/2015 | F1219.1.T27 .P63 1922 | GRL01204 | 22/03/2019 | 22/03/2019 | Libros | ||||
| El ejemplar forma parte de la colección y puede ser consultado según las políticas vigentes. | Biblioteca Centro de Estudios Ruth D. Lechuga | Biblioteca Centro de Estudios Ruth D. Lechuga | 19/10/2015 | F1219.1.T27 .P63 1922 | GRL01205 | 22/03/2019 | 22/03/2019 | Libros | ||||
| El ejemplar forma parte de la colección y puede ser consultado según las políticas vigentes. | Biblioteca Centro de Estudios Ruth D. Lechuga | Biblioteca Centro de Estudios Ruth D. Lechuga | 13/08/2013 | F1219.1.T27 .P63 1922 | GRL00472 | 22/03/2019 | 22/03/2019 | Libros |